[Event "Mar del Plata 2nd"]
[Site "Mar del Plata"]
[Date "2019.08.12"]
[Round "4.3"]
[White "Aristizabal, Gaston"]
[Black "Fabrizio, Gustavo"]
[Result "1-0"]
[WhiteElo "1742"]
[BlackElo "1882"]
[PlyCount "57"]
[EventDate "2019.08.05"]
[EventType "swiss"]
[EventRounds "9"]
[EventCountry "ARG"]
[SourceTitle "EXT 2024"]
[Source "ChessBase"]
[SourceDate "2023.10.10"]
[SourceVersion "1"]
[SourceVersionDate "2023.10.10"]
[SourceQuality "1"]

1. e4 c5 2. Nf3 d6 3. d4 cxd4 4. Qxd4 a6 5. c4 Nc6 6. Qe3 g6 7. h3 Bg7 8. Be2 Nf6 9. 0-0 0-0 10. Nc3 Bd7 11. Bd2 Rc8 12. Rfd1 Qc7 13. Rac1 Qb8 14. Qb6 Qa7 15. Qxa7 Nxa7 16. Be3 Nc6 17. c5 Ne5 18. Nxe5 dxe5 19. Nd5 Nxd5 20. exd5 h6 21. c6 bxc6 22. dxc6 Bxc6 23. Bxa6 Ba4 24. Rxc8 Bxd1 25. Rxf8+ Kxf8 26. Bb7 e4 27. b4 Bc3 28. Bc5 f5 29. a4 1-0

[Event "Mar del Plata"]
[Site "Mar del Plata"]
[Date "2017.11.08"]
[Round "11"]
[White "Grossi, David"]
[Black "Aristizabal, Gaston"]
[Result "0-1"]
[WhiteElo "1974"]
[BlackElo "1597"]
[PlyCount "100"]
[EventDate "2017.10.16"]
[EventType "tourn"]
[EventRounds "11"]
[EventCountry "ARG"]
[SourceTitle "CBM 181 Extra"]
[Source "ChessBase"]
[SourceDate "2017.12.12"]
[SourceVersion "1"]
[SourceVersionDate "2017.12.12"]
[SourceQuality "1"]

1. d4 Nf6 2. Nf3 g6 3. c4 Bg7 4. Nc3 0-0 5. e4 d6 6. Be2 e5 7. 0-0 Nc6 8. d5 Ne7 9. Ne1 Nd7 10. Be3 f5 11. f3 f4 12. Bf2 g5 13. a4 a5 14. Nd3 b6 15. b4 Rf6 16. Nb5 Rh6 17. c5 bxc5 18. bxc5 Qe8 19. Kh1 Qh5 20. Bg1 dxc5 21. Nxc7 Rb8 22. Nf2 Nf6 23. Qc2 Qh4 24. Ng4 Bxg4 25. fxg4 Nxg4 26. Bxg4 Qxg4 27. Qxc5 Rb2 28. Rf2 Rxf2 29. Qxf2 Qd7 30. Ne6 g4 31. g3 Ng6 32. Ra2 Rh3 33. Ra3 fxg3 34. Rxg3 Qxa4 35. Rxh3 Qxe4+ 36. Qg2 Qxg2+ 37. Kxg2 gxh3+ 38. Kxh3 Nf4+ 39. Nxf4 exf4 40. Kg4 a4 41. Bc5 Bb2 42. d6 Kf7 43. d7 Bf6 44. Kxf4 Ke6 45. Kg4 Kxd7 46. Kh5 Be7 47. Bd4 a3 48. Kh6 Ke6 49. Kg7 h5 50. Kg6 Bd6 0-1

[Event "Mar del Plata"]
[Site "Mar del Plata"]
[Date "2017.10.16"]
[Round "1"]
[White "Aristizabal, Gaston"]
[Black "Loiterstein, Mariano"]
[Result "0-1"]
[WhiteElo "1597"]
[BlackElo "2153"]
[PlyCount "124"]
[EventDate "2017.10.16"]
[EventType "tourn"]
[EventRounds "11"]
[EventCountry "ARG"]
[SourceTitle "CBM 181 Extra"]
[Source "ChessBase"]
[SourceDate "2017.12.12"]
[SourceVersion "1"]
[SourceVersionDate "2017.12.12"]
[SourceQuality "1"]

1. e4 c5 2. Nf3 e6 3. d4 cxd4 4. Nxd4 Nc6 5. Nxc6 bxc6 6. Bd3 Nf6 7. 0-0 e5 8. Nc3 Be7 9. Qe2 0-0 10. Bg5 d6 11. h3 Nd7 12. Bxe7 Qxe7 13. Rad1 Nc5 14. f4 exf4 15. Rxf4 Qe5 16. Rh4 Rb8 17. Rh5 Qe7 18. e5 g6 19. Rh6 Qg5 20. Qd2 Qxd2 21. Rxd2 dxe5 22. b3 Be6 23. Ne4 Nxe4 24. Bxe4 Rb4 25. c4 Kg7 26. Rh4 Rb6 27. Bf3 c5 28. Re4 f6 29. Bd1 Kf7 30. g4 h6 31. Bc2 Ke7 32. Re1 Rd6 33. Rxd6 Kxd6 34. Rd1+ Ke7 35. Bxg6 Rg8 36. Bh5 a5 37. Kf2 a4 38. bxa4 Ra8 39. Rb1 Rxa4 40. Rb7+ Kd8 41. Rh7 Rxa2+ 42. Ke1 Bxc4 43. Rxh6 Re2+ 44. Kd1 Rf2 45. Bg6 Be6 46. Bf5 Bxf5 47. gxf5 Rxf5 48. Rh7 Ke8 49. h4 Kf8 50. Rc7 Rf4 51. Rxc5 Kg7 52. h5 Rh4 53. Rc7+ Kh6 54. Rf7 Rf4 55. Ke2 Kxh5 56. Ke3 Kg6 57. Rf8 Kf5 58. Rf7 Ra4 59. Rf8 Ra3+ 60. Ke2 e4 61. Kf2 Ke5 62. Re8+ Kf4 0-1